000 01396cab a2200229 4500
001 ##L132668
008 060227n2006 000 0 eng u
035 _a(Sirsi) u132668
041 0 _aeng
100 1 _aEdwards, Martin
245 0 0 _aIt pays to know your planning
260 _c2006
490 0 _aEstates Gazette
_v(0607) 18 February 2006, 132(1)
520 _aConsiders "Castlebay Limited v Asquith Properties Limited" ([2005] EWCA Civ 1734, L132670) as evidence that property professionals really need to understand how the planning system works to avoid its numerous pitfalls. "Castlebay" concerns a dispute arising over an option to purchase agreement and its relationship to a grant of planning permission. The key points of the judgment were that the term planning application has no statutory definition and that the phrase application for planning permission, within the Town and Country Planning Act 1990, means an application under s58(1) of the Act and not an application for approval of reserved matters.
590 _aIKA280206
650 2 4 _aR V BRADFORD UPON AVON URBAN DISTRICT COUNCIL EX P BOLTON
650 2 4 _aTOWN AND COUNTRY PLANNING ACT 1990 S58(1)
650 2 4 _aCASTLEBAY LTD V ASQUITH PROPERTIES LTD
690 _aENVIRONMENTAL AND LAND CONSULTANCY-PLANNING AND DEVELOPMENT-DEVELOPMENT CONTROL-PLANNING APPLICATIONS
700 1 _aMartin, John
942 _n0
999 _c76548
_d76548